Máy làm đất và cơ giới hóa công tác đất
Gồm 15 chương, trình bày cấu tạo, nguyên lý làm việc, các tính toán cơ bản các loại máy làm đất và máy phục vụ công tác gia cố móng đang được sử dụng phổ biến trong thực tế; Tính chọn máy, tổ hợp máy và các phương pháp thi công hợp lý...
שמור ב:
| מחבר ראשי: | |
|---|---|
| פורמט: | ספר |
| שפה: | Undetermined |
| יצא לאור: |
Hà Nội
Xây dựng
2012
|
| נושאים: | |
| תגים: |
הוספת תג
אין תגיות, היה/י הראשונ/ה לתייג את הרשומה!
|
| Thư viện lưu trữ: | Trung tâm Học liệu Trường Đại học Cần Thơ |
|---|
| LEADER | 01131nam a2200205Ia 4500 | ||
|---|---|---|---|
| 001 | CTU_180685 | ||
| 008 | 210402s9999 xx 000 0 und d | ||
| 020 | |c 178000 | ||
| 082 | |a 629.225 | ||
| 082 | |b Th502 | ||
| 100 | |a Lưu, Bá Thuận | ||
| 245 | 0 | |a Máy làm đất và cơ giới hóa công tác đất | |
| 245 | 0 | |c Lưu Bá Thuận | |
| 260 | |a Hà Nội | ||
| 260 | |b Xây dựng | ||
| 260 | |c 2012 | ||
| 520 | |a Gồm 15 chương, trình bày cấu tạo, nguyên lý làm việc, các tính toán cơ bản các loại máy làm đất và máy phục vụ công tác gia cố móng đang được sử dụng phổ biến trong thực tế; Tính chọn máy, tổ hợp máy và các phương pháp thi công hợp lý bằng các loại máy làm đất và máy phục vụ công tác gia cố móng nhằm nâng cao năng suất và hiệu quả sử dụng của chúng. | ||
| 650 | |a Tractors,Máy làm đất | ||
| 910 | |a Nguyên | ||
| 980 | |a Trung tâm Học liệu Trường Đại học Cần Thơ | ||